000 00684nam a2200265Ia 4500
003 OSt
005 20221006155452.0
006 a|||||r|||| 00| 0
007 ta
008 221006b |||||||| |||| 00| 0 chi d
020 _cYu 0.73
024 _a42,066
037 _bGift,
_cTextual
040 _aEASL
_cEASL
_bchi
041 _2chi
_achi
082 _aO41,3x, L9
100 _aBeijingwenyi Ed.
_9669348
245 0 _aDuanpian Xiaoshuoxuan
260 _aBeijing
_bBeijing Chubanshe China
_c1979
300 _a346p.
_ccm.
490 _v CL
650 _aCL
_9642733
942 _hO41,3x, L9
_cTEXL
_2CC
999 _c1110152
_d1110152